000 00611nam a22001937a 4500
005 20170619103510.0
010 _aENG-118740
020 _a9788179105016
_c800.00
035 _aEN-102272
037 _bDBAD/PUB
082 _a305.420954
100 _aJha, Anil Kumar Singh
245 _aRethinking gender equality /
_cby Anil Kumar Singh Jha
260 _aJaipur
_bAavishkar Publishers
_c2015
270 _a807, Vyas Building, Chaura Rasta
_bJaipur
_e302003
300 _a178p.
_c22cm(Hbk)
500 _aIncludes bibliographical reference and index
942 _2ddc
_cEN
_h305.420954
_mJHA
999 _c141280
_d141280